Countries With the Same Number of Letters as Their Capital - Statistics

General Stats
  • This quiz has been taken 35 times
    14 since last reset
  • The average score is 9 of 26
Answer Stats
Answer # of Letters % Correct
Canada 6
83%
Fiji 4
83%
Japan 5
83%
New Zealand 10
67%
Togo 4
67%
Egypt 5
50%
Peru 4
50%
Russia 6
50%
Taiwan 6
50%
Estonia 7
33%
Ghana 5
33%
Greece 6
33%
Paraguay 8
33%
Poland 6
33%
Rwanda 6
33%
Yemen 5
33%
Algeria 7
17%
Armenia 7
17%
Georgia 7
17%
Vatican City 12
17%
Zambia 7
17%
Angola 6
0%
Botswana 8
0%
Burkina Faso 11
0%
Mauritania 10
0%
Mauritius 9
0%
No matching quizzes found
Score Distribution
Percent of People with Each Score
Percentile by Number Answered
Your Score History
You have not taken this quiz since the last reset